000 00245nmm a2200085Ia 4500
008 220120s9999||||xx |||||||||||||||||und||
100 _aCHIP magazine
245 0 _aJanuary 2011 : Game developers pack, red hot, linux distribu
260 _aInfomedia18
999 _c139630
_d139630